[Event "Geneve op"]
[Site "Geneve"]
[Date "1996.??.??"]
[Round "2"]
[White "Sulava, Nenad"]
[Black "Milov, Vadim"]
[Result "1/2-1/2"]
[WhiteElo "2480"]
[BlackElo "2585"]

1.d4 Nf6 2.Nf3 g6 3.c4 Bg7 4.Nc3 O-O 5.e4 d6 6.Be2 e5 7.O-O Na6 8.Be3 Qe8
9.Re1 Ng4 10.Bg5 f6 11.Bd2 f5 12.exf5 gxf5 13.c5 e4 14.cxd6 Qh5 15.h3 exf3
16.Bxf3 cxd6 17.Bf4 Kh8 18.Nd5 Bd7 19.Bxd6 Rf7 20.Bg3 Rd8 21.Nf4 Qg5 22.hxg4 fxg4
23.Bxb7 Nc7 24.Qc1 Nb5 25.Be4 Bh6 26.Nd5 Qxc1 27.Raxc1 Nxd4 28.Be5+ Bg7 29.Bxg7+ Kxg7
30.Rc4 Nc6 31.Ne3 Ne5 32.Rd4 Re8 33.Rc1 Be6 34.Bd5 Bxd5 35.Rxd5 g3 36.f3 Nxf3+
37.gxf3 Rxe3 38.Rg5+ Kh6 39.Rxg3 Rexf3 40.Rc6+ R3f6 41.Rh3+ Kg7 42.Rg3+ Rg6
43.Rgxg6+ hxg6 44.Ra6 Kh6 45.Kg2 Kh5 46.Kg3 g5 47.b4 Rc7 48.Ra3  1/2-1/2

[Event "Geneve op"]
[Site "Geneve"]
[Date "1996.??.??"]
[Round "3"]
[White "Milov, Vadim"]
[Black "Hauchard, Arnaud"]
[Result "1/2-1/2"]
[WhiteElo "2585"]
[BlackElo "2460"]

1.d4 d5 2.c4 dxc4 3.e3 e6 4.Bxc4 Nf6 5.Nf3 c5 6.O-O Nc6 7.Qe2 cxd4 8.Rd1 Be7
9.exd4 O-O 10.Nc3 Nb4 11.Ne5 Bd7 12.Bg5 Bc6 13.Nxc6 bxc6 14.Rac1 Nbd5 15.Na4 Nb6
16.Qc2 Nxc4 17.Qxc4 Qd5 18.Be3 Rfc8 19.Rc2 Rab8 20.b3 Qf5 21.Qe2 Nd5 22.Rc4 Qe4
23.Rdc1 Ba3 24.R1c2 Bd6 25.Nc3 Qg6 26.Nxd5 exd5 27.Ra4 Rc7 28.Rc3 Kf8 29.g3 Qb1+
30.Rc1 Qe4 31.Ra6 Rbc8 32.Qd2 h5 33.Qc2 Qxc2 34.Rxc2 Ke8 35.Kf1 Kd7 36.Bd2 Rb7
37.Ke2 Be7 38.Kd3 h4 39.g4 h3 40.Bf4 Bd6 41.Ke3 Re8+ 42.Kf3 Bxf4 43.Kxf4 Rc7
44.Kg3 Re1 45.Kxh3 Rd1 46.Ra4 Kd6 47.Kg2 Re7 48.h3 a5 49.Rxa5 Rxd4 50.Rac5 Rc7
51.Kg3 g5 52.f3 f6 53.h4 gxh4+ 54.Kxh4 f5 55.Kh5 fxg4 56.fxg4 Rc8 57.g5 Rh8+
58.Kg6 Rg8+ 59.Kf7 Rxg5 60.Rxc6+ Ke5 61.Re6+ Kf4 62.Rf2+ Kg3 63.Rfe2 Rf4+
64.Rf6 d4 65.Rd2 Rgg4 66.a4 Kf3 67.a5 Ke3 68.Ra2 d3 69.a6 d2 70.Ra1 Rxf6+
71.Kxf6 Rg8 72.b4 Kd4 73.Rd1 Kc4 74.Rxd2  1/2-1/2

[Event "Geneve op"]
[Site "Geneve"]
[Date "1996.??.??"]
[Round "4"]
[White "Tukmakov, Vladimir B"]
[Black "Milov, Vadim"]
[Result "1/2-1/2"]
[WhiteElo "2595"]
[BlackElo "2585"]

1.d4 Nf6 2.Nf3 g6 3.c4 Bg7 4.Nc3 O-O 5.e4 d6 6.Be2 e5 7.O-O Qe8 8.dxe5 dxe5
9.Be3 Nbd7 10.Nd2 c6 11.c5 Qe7 12.b4 Rd8 13.Nc4 Nf8 14.Qa4 Be6 15.b5 Bxc4
16.Bxc4 Ne6 17.bxc6 bxc6 18.Qxc6 Rac8 19.Qa4 Nxc5 20.Qa3 Bf8 21.Nd5 Nxd5
22.Bxd5 Rc7 23.Rac1 Rdc8 24.Rfd1 Nd7 25.Rxc7 Rxc7 26.Qa5 Nf6 27.h3 Rd7 28.Qb5 Kg7
29.Rd3 Qb4 30.a4 Be7 31.Qxb4 Bxb4 32.Bc4 Rc7  1/2-1/2

[Event "Geneve op"]
[Site "Geneve"]
[Date "1996.??.??"]
[Round "5"]
[White "Milov, Vadim"]
[Black "Vegh, Jean Pierre"]
[Result "1-0"]
[WhiteElo "2585"]
[BlackElo "2215"]

1.d4 Nf6 2.c4 g6 3.Nc3 d5 4.Nf3 Bg7 5.Qb3 dxc4 6.Qxc4 O-O 7.e4 Bg4 8.Be3 Nfd7
9.O-O-O Nc6 10.h3 Nb6 11.Qc5 Bxf3 12.gxf3 a6 13.h4 Nd7 14.Qg5 e5 15.dxe5 Qxg5
16.hxg5 Ndxe5 17.Be2 Rfd8 18.f4 Nd7 19.Nd5 f5 20.Bc4 Kh8 21.Nxc7 Rac8 22.Rxh7+ Kxh7
23.Rh1+  1-0

[Event "Geneve op"]
[Site "Geneve"]
[Date "1996.??.??"]
[Round "6"]
[White "Grosar, Aljosa"]
[Black "Milov, Vadim"]
[Result "1/2-1/2"]
[WhiteElo "2470"]
[BlackElo "2585"]

1.e4 c5 2.Nf3 e6 3.c3 Nf6 4.e5 Nd5 5.d4 cxd4 6.cxd4 Nc6 7.Bc4 d6 8.O-O Be7
9.Qe2 O-O 10.Nc3 Nxc3 11.bxc3 Bd7 12.Bd3 d5 13.h4 Rc8 14.Ng5 g6 15.Nxh7 Kxh7
16.Qh5+ Kg8 17.Bxg6 fxg6 18.Qxg6+ Kh8 19.Qh6+ Kg8  1/2-1/2

[Event "Geneve op"]
[Site "Geneve"]
[Date "1996.??.??"]
[Round "7"]
[White "Milov, Vadim"]
[Black "Gerber, Richard"]
[Result "0-1"]
[WhiteElo "2585"]
[BlackElo "2355"]

1.e4 e6 2.d4 d5 3.exd5 exd5 4.Nf3 Nf6 5.c4 Be7 6.Nc3 O-O 7.Bd3 dxc4 8.Bxc4 Bg4
9.O-O Nc6 10.Be3 Qd7 11.Be2 Rfd8 12.Re1 a6 13.h3 Bf5 14.Rc1 h6 15.Bc4 Bd6
16.Bf1 Ne4 17.Nh4 Nxc3 18.bxc3 Bh7 19.Bd3 b5 20.Bxh7+ Kxh7 21.Qd3+ g6 22.f4 Ne7
23.Rf1 Nf5 24.Nf3 Qe6 25.Bd2 Qxa2 26.g4 Ng3 27.Rfe1 f5 28.Ne5 Ne4 29.gxf5 gxf5
30.Rxe4 Rg8+ 31.Kh2 fxe4 32.Qxe4+ Kh8 33.Rc2 Qe6 34.d5 Qf6 35.Be3 Raf8 36.Ra2 Qh4
37.Rg2 Rxg2+ 38.Qxg2 Rxf4 39.Ng6+ Kh7 40.Nxh4 Rf1+ 41.Qg3 Bxg3+ 42.Kxg3 a5
43.Nf3 a4 44.Bc5 Rd1 45.d6 cxd6 46.Bb4 Rc1 47.Kf4 Ra1 48.Nd4 a3 49.Bxa3 Rxa3
50.Nxb5 Ra4+ 51.Ke3 Rc4 52.Kd3 d5 53.Nd4 Kg6 54.h4 h5 55.Kd2 Rxd4+ 56.cxd4 Kf5
57.Kd3 Kf4  0-1

[Event "Geneve op"]
[Site "Geneve"]
[Date "1996.??.??"]
[Round "9"]
[White "Milov, Vadim"]
[Black "Forster, Richard"]
[Result "1-0"]
[WhiteElo "2585"]
[BlackElo "2335"]

1.d4 Nf6 2.c4 g6 3.Nc3 Bg7 4.e4 d6 5.Be2 O-O 6.Bg5 a6 7.Qd2 c6 8.f3 b5 9.g4 Qa5
10.h4 e5 11.d5 b4 12.Nd1 cxd5 13.cxd5 h5 14.Ne3 hxg4 15.Nc4 Qc7 16.Rc1 gxf3
17.Bxf3 Nbd7 18.Be3 Nc5 19.Nxd6 Qxd6 20.Bxc5 Qd8 21.Ne2 a5 22.h5 Ng4 23.Bxf8 Bxf8
24.hxg6 fxg6 25.Rc6 Nf6 26.Qg5 Bg7 27.Qxg6 Bd7 28.Rg1 Ne8 29.Rc2 a4 30.Bg4 b3
31.Be6+ Bxe6 32.Qxe6+ Kf8 33.Rf1+ Bf6 34.axb3 axb3 35.Rc6 Ra1+ 36.Kf2 Bh4+
37.Kg2+ Rxf1 38.Kxf1  1-0

[Event "NRW-Liga II 9596"]
[Site "Germany"]
[Date "1996.??.??"]
[Round "?"]
[White "Odendahl, Reiner"]
[Black "Milov, Vadim"]
[Result "0-1"]
[WhiteElo "2370"]
[BlackElo "2570"]

1.Nf3 d6 2.d4 Nf6 3.c4 g6 4.Nc3 Bg7 5.e4 O-O 6.Be2 e5 7.d5 a5 8.Bg5 h6 9.Bh4 Na6
10.Nd2 Bd7 11.O-O Nc5 12.Kh1 Qe8 13.b3 Nh7 14.a3 f5 15.f3 Bf6 16.Bxf6 Nxf6
17.b4 Na4 18.Nxa4 Bxa4 19.Qc1 Qe7 20.c5 Bd7 21.cxd6 cxd6 22.bxa5 Nh5 23.g3 Rxa5
24.Nc4 Rc5 25.Qxh6 Bb5 26.Qxg6+ Ng7 27.Rac1 Rf6 28.Qg5 fxe4 29.Nxd6 Qxd6
30.Rxc5 Bxe2 31.Rfc1 Bxf3+ 32.Kg1 Rg6 33.Qh4 Rh6 34.Qg5 Qb6 35.Qxe5 Rxh2
36.Kxh2 Qh6+ 37.Kg1 Qe3+ 38.Kh2 Qd2+  0-1

[Event "NRW-Liga II 9596"]
[Site "Germany"]
[Date "1996.??.??"]
[Round "?"]
[White "Milov, Vadim"]
[Black "Schoenthier, Frank"]
[Result "1-0"]
[WhiteElo "2570"]
[BlackElo "2365"]

1.d4 Nf6 2.c4 e6 3.Nc3 Bb4 4.e3 O-O 5.Bd3 d5 6.a3 dxc4 7.Bxh7+ Kxh7 8.axb4 Nc6
9.Nf3 Nxb4 10.O-O c5 11.dxc5 Qxd1 12.Rxd1 Nd3 13.Ra4 Nxc5 14.Rxc4 b6 15.b4 Na6
16.b5 Nc5 17.Ba3 Bb7 18.Bxc5 bxc5 19.Ne5 Nd5 20.Rxc5 Nxc3 21.Rxc3 Rfd8 22.Rdc1 f6
23.Rc7 Be4 24.Nd7 Kg8 25.Nc5 Bd5 26.e4 Ba2 27.h4 e5 28.Rc3 Bf7 29.Ra3 Rdb8
30.Ra5 Be8 31.Rb7 Rxb7 32.Nxb7 Rb8 33.Nd6 Bd7 34.Rxa7 Bxb5 35.Nf5 Bd3 36.Rxg7+ Kf8
37.f3 Rb1+ 38.Kh2 Rb2 39.h5 Be2 40.h6  1-0

[Event "NRW-Liga II 9596"]
[Site "Germany"]
[Date "1996.??.??"]
[Round "?"]
[White "Milov, Vadim"]
[Black "Barsov, Alexei"]
[Result "1-0"]
[WhiteElo "2570"]
[BlackElo "2470"]

1.d4 e6 2.e4 d5 3.exd5 exd5 4.Nf3 Nc6 5.Bd3 Nb4 6.Bb5+ Bd7 7.Qe2+ Be7 8.Bxd7+ Qxd7
9.Ne5 Qc8 10.a3 Na6 11.Nc3 c6 12.Bd2 Nf6 13.O-O O-O 14.Rab1 Bd8 15.Qd3 Nc7
16.f4 Nce8 17.Ne2 a5 18.f5 Ne4 19.g4 N8d6 20.Bf4 Re8 21.Qf3 Bb6 22.Kg2 f6
23.Nd3 Nc4 24.Rbd1 Ng5 25.Qf2 Ne4 26.Qg1 a4 27.Bc1 Ned2 28.Rfe1 Ne3+ 29.Kh1 Nf3
30.Qf2 Nxe1 31.Bxe3 Nxd3 32.Rxd3 Re4 33.Nf4 Qe8 34.Bd2 Bc7 35.Ne6 Rxe6 36.fxe6 Qxe6
37.Qf3 Re8 38.Re3 Qf7 39.Qf5  1-0

[Event "NRW-Liga II 9697"]
[Site "Germany"]
[Date "1996.??.??"]
[Round "3.1"]
[White "Milov, Vadim"]
[Black "Kishnev, Sergey"]
[Result "1-0"]
[WhiteElo "2585"]
[BlackElo "2485"]

1.d4 Nf6 2.c4 e6 3.Nc3 Bb4 4.e3 O-O 5.Bd3 d5 6.a3 Bxc3+ 7.bxc3 dxc4 8.Bxc4 c5
9.Bb2 Qa5 10.Nf3 cxd4 11.exd4 b6 12.a4 Ba6 13.Nd2 Bxc4 14.Nxc4 Qa6 15.Ne3 Nc6
16.Qe2 Qxe2+ 17.Kxe2 Rac8 18.c4 Na5 19.Rac1 Nb3 20.Rc2 Rc6 21.Rb1 Na5 22.Ba3 Rd8
23.Bb4 Nb7 24.Rd1 Nd6 25.f3 h5 26.a5 Rdc8 27.Kd3 Rd8 28.axb6 axb6 29.Ra2 b5
30.c5 Nde8 31.Ra7 e5 32.Nf5 Nd5 33.Ba5 Rdc8 34.dxe5 Rxc5 35.Ke4 Rc4+ 36.Rd4 g6
37.Nh6+ Kg7 38.Nxf7 Rxd4+ 39.Kxd4 Ndc7 40.Nd6  1-0

[Event "NRW-Liga II 9697"]
[Site "Germany"]
[Date "1996.??.??"]
[Round "4.1"]
[White "Klovans, Janis"]
[Black "Milov, Vadim"]
[Result "0-1"]
[WhiteElo "2520"]
[BlackElo "2585"]

1.e4 c5 2.Nf3 Nc6 3.d4 cxd4 4.Nxd4 e5 5.Nb5 d6 6.N1c3 a6 7.Na3 b5 8.Nd5 Nce7
9.c4 Nxd5 10.exd5 bxc4 11.Nxc4 Nf6 12.Be3 Rb8 13.Qa4+ Qd7 14.Qxd7+ Bxd7 15.Nb6 Bb5
16.Bxb5+ axb5 17.a4 bxa4 18.Rxa4 Be7 19.O-O O-O 20.Rd1 Rb7 21.h3 Rfb8 22.Ra6 Ne8
23.Rc1 f5 24.f3 f4 25.Bf2 Bh4 26.Nc4 Bxf2+ 27.Kxf2 Rd8 28.Rc2 Rb5 29.Rd2 Kf8
30.Ke2 Rd7 31.Kd1 Ke7 32.Na3 Rb4 33.Ra5 Rdb7 34.Kc1 Nf6 35.Nb1 Nd7 36.Rc2 Nc5
37.Nd2 Rd4 38.Raxc5 dxc5 39.Rxc5 Rd7 40.Nc4 R4xd5 41.Rc6 Rd1+ 42.Kc2 Rg1
43.Nxe5 Rxg2+ 44.Kc3 Rd5 45.Nd3 Rg3 46.Kc4 Rd6 47.Rc7+ Rd7 48.Rc5 Rxh3 49.Re5+ Kf6
50.Re4 Rxf3  0-1

[Event "ISR-chT"]
[Site "Israel"]
[Date "1996.??.??"]
[Round "1"]
[White "Milov, Vadim"]
[Black "Shvidler, Eliahu"]
[Result "1-0"]
[WhiteElo "2585"]
[BlackElo "2460"]

1.e4 e5 2.Nf3 Nc6 3.d4 exd4 4.Nxd4 Bb4+ 5.c3 Be7 6.Nxc6 bxc6 7.Bc4 Nf6 8.e5 Nd5
9.O-O Nb6 10.Bb3 O-O 11.Nd2 d5 12.exd6 cxd6 13.Nf3 d5 14.Bc2 Ba6 15.Re1 Bf6
16.Nd4 c5 17.Nf5 d4 18.cxd4 cxd4 19.Bd3 Bxd3 20.Qxd3 Qd5 21.b3 Rfe8 22.Bb2 Qa5
23.Re4 Nd5 24.Bxd4 Bxd4 25.Qxd4 Nf6 26.Rxe8+ Rxe8 27.Ne3 Rd8 28.Qc4 h6 29.a4 Qe5
30.Re1 a5 31.g3 Rb8 32.Rd1 h5 33.Rd3 g6 34.Kg2 Kg7 35.h4 Rb4 36.Qc3 Qe6 37.Nd5 Re4
38.Nxf6 Qxf6 39.Qxa5 Qe6 40.Qd5 Qe7 41.Rd4 Re1 42.Rf4 f6 43.Rd4 Kh6 44.Qa8 g5
45.hxg5+ fxg5 46.Rc4 Kg7 47.Qc8 Qf7 48.Rc7 Re7 49.Rxe7 Qxe7 50.Qc3+ Kh6 51.Qc6+ Kg7
52.a5 Kh7 53.a6  1-0

[Event "ISR-chT"]
[Site "Israel"]
[Date "1996.??.??"]
[Round "2"]
[White "Mikhalevski, Alexander"]
[Black "Milov, Vadim"]
[Result "0-1"]
[WhiteElo "2435"]
[BlackElo "2585"]

1.d4 Nf6 2.c4 g6 3.Nc3 Bg7 4.e4 d6 5.h3 O-O 6.Bg5 Na6 7.Bd3 c6 8.Nge2 e5
9.d5 cxd5 10.cxd5 Nc5 11.Bc2 a5 12.a3 a4 13.O-O Bd7 14.f3 b5 15.Na2 h6 16.Be3 Nh5
17.g4 Nf4 18.Nxf4 exf4 19.Bxf4 Bxb2 20.Rb1 Be5 21.Qd2 Qh4 22.Kg2 h5 23.Nb4 Rac8
24.Bxe5 dxe5 25.Rfc1 Kg7 26.Qe3 Rh8 27.Rh1 Na6 28.Bd1 Nxb4 29.Rxb4 Rc7 30.Rb2 Rhc8
31.Be2 Rc3 32.Qa7 Rc2 33.Rhb1 hxg4 34.hxg4 Bxg4 35.fxg4 Qxg4+ 36.Kf2 Qxe2+  0-1

[Event "ISR-chT"]
[Site "Israel"]
[Date "1996.??.??"]
[Round "3"]
[White "Milov, Vadim"]
[Black "Lev, Ronen"]
[Result "1-0"]
[WhiteElo "2585"]
[BlackElo "2465"]

1.d4 d5 2.c4 dxc4 3.e3 Nf6 4.Bxc4 e6 5.Nf3 c5 6.O-O a6 7.a4 cxd4 8.exd4 Nc6
9.Nc3 Be7 10.Re1 O-O 11.Bg5 Bd7 12.Qe2 Rc8 13.Rad1 Nb4 14.Ne5 Be8 15.Bb3 Qc7
16.Qf3 Bc6 17.Qg3 Nh5 18.Qh4 Bxg5 19.Qxg5 Nf6 20.Re3 Nfd5 21.Nxc6 Nxe3 22.Nxb4 Nxd1
23.Bxd1 Qb6 24.Nd3 Qxd4 25.Be2 Rxc3 26.bxc3 Qxa4 27.Qc5 Qa1+ 28.Bf1 a5 29.g3 a4
30.Nb4 a3 31.Nc2 Qc1 32.Nxa3 b6 33.Qb4 Ra8 34.Nb5 h5 35.Kg2 Ra2 36.Qd4 Rd2
37.Qxb6 Qe1 38.Qb8+ Kh7 39.Qf4 f5 40.Qf3 g6 41.Nd4 e5 42.Nxf5 gxf5 43.Qxh5+ Kg7
44.Qg5+ Kf7 45.Bc4+ Ke8 46.Bb5+ Kf7 47.Qxf5+ Ke7 48.Bd3 Rd1 49.c4 Kd6 50.Qe4 Kc5
51.Qxe1 Rxe1 52.f3 Kd4 53.Be4 Kxc4 54.h4 Kc5 55.h5 Kd6 56.h6 Rc1 57.g4 Ke7
58.g5 Rd1 59.h7 Rd8 60.Bd5 Rh8 61.Bg8 Kf8 62.Kg3 Kg7 63.Kh4  1-0

[Event "Liechtenstein op"]
[Site "Liechtenstein"]
[Date "1996.??.??"]
[Round "2"]
[White "Diedam, Norbert"]
[Black "Milov, Vadim"]
[Result "1/2-1/2"]
[WhiteElo "2225"]
[BlackElo "2585"]

1.d4 Nf6 2.c4 g6 3.g3 c5 4.d5 Bg7 5.Nc3 O-O 6.Bg2 d6 7.Nf3 Na6 8.e4 Nc7 9.O-O Rb8
10.Qc2 b5 11.cxb5 Nxb5 12.Nxb5 Rxb5 13.Bd2 Nd7 14.Bc3 Bxc3 15.Qxc3 Qa5 16.Rfb1 Qc7
17.Nd4 Rb7 18.Nc6 Nb8 19.e5 Nxc6 20.dxc6 Rb6 21.exd6 exd6 22.b4 Bf5 23.Rb3 Rxc6
24.Bxc6 Qxc6 25.bxc5 dxc5 26.Rc1 Rc8 27.Qe5 c4 28.Rb8 h5 29.Rxc8+ Qxc8 30.Qf6 Bd3
31.Qd4 Qb7 32.Re1 Kh7 33.h4 Qb6 34.Qc3 Qd8 35.Qb2 Qd5 36.Re5 Qf3 37.Re3 Qf5
38.Re5 Qf3 39.Re3 Qf5 40.Re5 Qf3  1/2-1/2

[Event "Liechtenstein op"]
[Site "Liechtenstein"]
[Date "1996.??.??"]
[Round "3"]
[White "Milov, Vadim"]
[Black "Netolitzky, Gregor"]
[Result "1-0"]
[WhiteElo "2585"]
[BlackElo "2235"]

1.d4 Nf6 2.c4 e6 3.Nc3 Bb4 4.e3 b6 5.f3 Ba6 6.e4 Bxc3+ 7.bxc3 d6 8.Bd3 Nbd7
9.Ne2 O-O 10.O-O Ne8 11.Ng3 g6 12.Bh6 Ng7 13.Qd2 Rc8 14.f4 f5 15.Rae1 c6
16.Bg5 Qc7 17.exf5 exf5 18.Be7 Rf7 19.c5 Bxd3 20.cxd6 Qb8 21.Qxd3 Ne8 22.Qa6 c5
23.h4 cxd4 24.Qa4 b5 25.Qxd4 Rc4 26.Qd5 Rxc3 27.Rf3 Qb6+ 28.Kf1 Rc6 29.Bd8 Nef6
30.Qxf7+ Kxf7 31.Bxb6 Rxb6 32.Rd3 a5 33.Rd4 b4 34.Nh1 Ne4 35.Nf2 Nxd6 36.Rd5 a4
37.Ra5 b3 38.Rxa4 b2 39.Rb1 Nc5 40.Rd4 Nde4 41.Nxe4 fxe4 42.Ke2  1-0

[Event "Liechtenstein op"]
[Site "Liechtenstein"]
[Date "1996.??.??"]
[Round "5"]
[White "Milov, Vadim"]
[Black "Kelecevic, Nedeljko"]
[Result "0-1"]
[WhiteElo "2585"]
[BlackElo "2480"]

1.d4 e6 2.c4 Nf6 3.Nc3 d5 4.cxd5 exd5 5.Bg5 c6 6.e3 Be7 7.Bd3 Nbd7 8.Nge2 Nh5
9.Bxe7 Qxe7 10.Qc2 Nhf6 11.O-O-O Nb6 12.Kb1 Be6 13.Ka1 O-O-O 14.Rb1 Kb8 15.b4 Rc8
16.a4 Nbd7 17.Rb2 g6 18.f3 Ne8 19.Nc1 Nd6 20.Nb3 Nb6 21.Nd2 Qg5 22.Nf1 Nbc4
23.Ra2 h5 24.h4 Qh6 25.Qf2 Rhe8 26.e4 dxe4 27.fxe4 Nb6 28.Rd2 Nbc4 29.Rd1 Rcd8
30.g3 Ka8 31.Rh2 Qf8 32.Qf6 Nb6 33.Rb1 Bc4 34.Bxc4 Nbxc4 35.Re2 a5 36.Qf3 axb4
37.Na2 f5 38.e5 Ne4 39.Nxb4 Rxd4 40.Rc2 Nxe5 41.Qb3 Qg7 42.Rcb2 Nc5 43.Qc3 Rc4
44.Qa3 Ned3  0-1

[Event "Liechtenstein op"]
[Site "Liechtenstein"]
[Date "1996.??.??"]
[Round "6"]
[White "Ballon, Guenther Jan"]
[Black "Milov, Vadim"]
[Result "0-1"]
[WhiteElo "2245"]
[BlackElo "2585"]

1.d4 Nf6 2.c4 g6 3.Nc3 Bg7 4.e4 d6 5.f3 O-O 6.Bg5 a6 7.Qd2 Nbd7 8.Nh3 c5
9.d5 b5 10.cxb5 axb5 11.Bxb5 Ba6 12.Bxa6 Rxa6 13.O-O Qa8 14.Bh6 Bxh6 15.Qxh6 Rb8
16.Rab1 Rab6 17.Qd2 c4 18.Nf2 Nc5 19.Rfe1 Nfd7 20.f4 Na4 21.Nxa4 Qxa4 22.b3 cxb3
23.Rxb3 Rxb3 24.axb3 Qxb3 25.h3 Rc8 26.Rc1 Rxc1+ 27.Qxc1 Nc5 28.Kh2 h5 29.h4 Kg7
30.Qa1+ f6 31.Qd4 Qc2 32.Kg3 Qe2 33.f5 Kf7 34.fxg6+ Kxg6 35.Kh3 Kf7 36.Kg3 Qe1
37.Kf3 Nd7 38.Qe3 Ne5+ 39.Kf4 Ng6+  0-1

[Event "Liechtenstein op"]
[Site "Liechtenstein"]
[Date "1996.??.??"]
[Round "7"]
[White "Milov, Vadim"]
[Black "Toth, Bela"]
[Result "1-0"]
[WhiteElo "2585"]
[BlackElo "2405"]

1.d4 d5 2.c4 e6 3.Nc3 Be7 4.cxd5 exd5 5.Bf4 Nf6 6.e3 O-O 7.Bd3 c5 8.Nf3 Nc6
9.O-O Bg4 10.dxc5 Bxc5 11.h3 Bxf3 12.Qxf3 d4 13.Ne4 Be7 14.Rfd1 Qb6 15.Ng3 Rfe8
16.Nf5 dxe3 17.Bxe3 Bc5 18.Nxg7 Bxe3 19.Qxf6 Re5 20.Nf5 Bxf2+ 21.Kh1 Rxf5
22.Qxf5 Bd4 23.Rf1 Qc7 24.Qxh7+ Kf8 25.Bc4 Nd8  1-0

[Event "Liechtenstein op"]
[Site "Liechtenstein"]
[Date "1996.??.??"]
[Round "9"]
[White "Milov, Vadim"]
[Black "Rozentalis, Eduardas"]
[Result "0-1"]
[WhiteElo "2585"]
[BlackElo "2605"]

1.d4 e6 2.c4 Nf6 3.Nc3 Bb4 4.e3 O-O 5.Bd3 d5 6.a3 Bxc3+ 7.bxc3 c6 8.a4 b6
9.Ba3 Re8 10.Nf3 Ba6 11.Ne5 Qc8 12.O-O Nbd7 13.f4 c5 14.Rc1 Qb7 15.Rf3 Rad8
16.Rh3 Nf8 17.Qf3 Ne4 18.dxc5 bxc5 19.Rb1 Qc7 20.Bxe4 dxe4 21.Qxe4 f6 22.Nd3 f5
23.Qe5 Qc6 24.Rg3 Ng6 25.Rxg6 hxg6 26.Nxc5 Bxc4 27.e4 Qd6 28.Qxd6 Rxd6 29.Nb7 Rd2
30.Nd6 Bd3 31.Rb7 Rd8 32.exf5 exf5 33.Rxa7 Ra2 34.Bb4 Be4 35.g3 Rd2 36.Ra6 Rd7
37.c4 Rc2 38.c5 Bd5 39.Nb5 Re7 40.Nd4 Rc4  0-1

[Event "Neuchatel op"]
[Site "Neuchatel"]
[Date "1996.??.??"]
[Round "2"]
[White "Milov, Vadim"]
[Black "Erismann, Peter"]
[Result "1-0"]
[WhiteElo "2585"]
[BlackElo "2225"]

1.d4 d5 2.c4 dxc4 3.e3 e5 4.Bxc4 exd4 5.exd4 Nf6 6.Nf3 Be7 7.O-O O-O 8.Nc3 Nbd7
9.Re1 Nb6 10.Bb3 c6 11.h3 Nbd5 12.Bg5 Be6 13.Ne5 h6 14.Bh4 Nf4 15.Bc2 Bd5
16.Bg3 Ne6 17.Qd3 Qb6 18.Nd7  1-0

[Event "Neuchatel op"]
[Site "Neuchatel"]
[Date "1996.??.??"]
[Round "3"]
[White "Sutter, Oliver"]
[Black "Milov, Vadim"]
[Result "0-1"]
[WhiteElo "2340"]
[BlackElo "2585"]

1.d4 Nf6 2.c4 c5 3.d5 e5 4.Nc3 d6 5.e4 g6 6.Bd3 Bg7 7.h3 a6 8.a4 Nbd7 9.g4 h5
10.g5 Nh7 11.h4 O-O 12.Nf3 f6 13.Rg1 Qe8 14.Qe2 b6 15.Nd1 fxg5 16.Nxg5 Nxg5
17.Bxg5 Nf6 18.f3 Nh7 19.Be3 Bd7 20.Qg2 Rf6 21.Nc3 Qe7 22.Kd2 Raf8 23.Raf1 R8f7
24.Kc2 Qe8 25.b3 Qf8 26.Be2 Bh6 27.Bxh6 Qxh6 28.f4 exf4 29.Kd1 Re7 30.e5 Rxe5
31.Ne4 Bf5 32.Nxf6+ Nxf6 33.Qg5 Qg7 34.Qxf4 Kh7 35.Bf3 Ng4 36.Bxg4 Bxg4+
37.Rxg4 hxg4 38.Qxg4 Re3 39.h5 Qa1+ 40.Kd2 Qc3+ 41.Kd1 Rd3+  0-1

[Event "Neuchatel op"]
[Site "Neuchatel"]
[Date "1996.??.??"]
[Round "4"]
[White "Milov, Vadim"]
[Black "Gerber, Richard"]
[Result "1-0"]
[WhiteElo "2585"]
[BlackElo "2355"]

1.d4 Nf6 2.c4 e6 3.Nc3 Bb4 4.e3 O-O 5.Bd3 d5 6.a3 Bxc3+ 7.bxc3 c5 8.cxd5 exd5
9.Ne2 b6 10.O-O Ba6 11.Bxa6 Nxa6 12.Qd3 Nb8 13.f3 Re8 14.Ng3 Nc6 15.Ra2 Rc8
16.Re2 Qd7 17.Bb2 cxd4 18.cxd4 Na5 19.e4 dxe4 20.fxe4 Nc4 21.Ba1 Qa4 22.Nf5 Qxa3
23.Qxa3 Nxa3 24.Nd6 Rcd8 25.Nxe8 Rxe8 26.Ra2 Nc4 27.e5 Nd5 28.Rxa7 f6 29.Rc1 Nce3
30.Bb2 b5 31.exf6 gxf6 32.Rca1 Nf4 33.Ra8 Rxa8 34.Rxa8+ Kf7 35.Bc1 Ned5 36.Bxf4 Nxf4
37.Kf2 f5 38.Ra5  1-0

[Event "Neuchatel op"]
[Site "Neuchatel"]
[Date "1996.??.??"]
[Round "6"]
[White "Tyomkin, Dimitri"]
[Black "Milov, Vadim"]
[Result "0-1"]
[WhiteElo "2340"]
[BlackElo "2585"]

1.d4 Nf6 2.Nf3 g6 3.Bg5 Bg7 4.Nbd2 O-O 5.c3 d6 6.e4 Nc6 7.Be2 h6 8.Bh4 e5
9.dxe5 dxe5 10.Bxf6 Qxf6 11.Nc4 Qe7 12.O-O f5 13.Nfd2 Nd8 14.a4 Nf7 15.Re1 Be6
16.Bf1 f4 17.b4 Rad8 18.Qc2 g5 19.Na5 Bc8 20.Rad1 g4 21.Ndb3 Kh8 22.Rxd8 Qxd8
23.Nc4 Qh4 24.Nc5 b6 25.Nd3 Be6 26.Nd2 Ng5 27.g3 Qh5 28.a5 Qf7 29.Bg2 h5
30.axb6 axb6 31.Ra1 Rd8 32.Rd1 Qg6 33.gxf4 Nh3+ 34.Kf1 Nxf4 35.Nxf4 exf4
36.Kg1 f3 37.Bf1 h4 38.Nc4 Rf8 39.Ne3 g3 40.Nf5 Be5 41.Bh3 gxh2+ 42.Kh1 Rg8  0-1

[Event "Neuchatel op"]
[Site "Neuchatel"]
[Date "1996.??.??"]
[Round "7"]
[White "Franzoni, Giancarlo"]
[Black "Milov, Vadim"]
[Result "1-0"]
[WhiteElo "2455"]
[BlackElo "2585"]

1.e4 c5 2.Nc3 Nc6 3.Nge2 Nd4 4.Nxd4 cxd4 5.Ne2 e5 6.Ng3 Nf6 7.Be2 Bc5 8.c4 g6
9.d3 h5 10.O-O Be7 11.Bd2 d6 12.b4 Kf8 13.f4 Kg7 14.Bf3 h4 15.Nh1 Bd7 16.Nf2 Qg8
17.Ng4 Qc8 18.Nxf6 Bxf6 19.a4 exf4 20.Bxf4 Be5 21.Bxe5+ dxe5 22.h3 a5 23.b5 b6
24.Ra2 f6 25.Raf2 Rf8 26.Qe2 Be6 27.Bg4 Ra7 28.Bxe6 Qxe6 29.Qg4 Qd6 30.Qxh4 Raf7
31.Qg4 Qa3 32.Rf3 Rg8 33.Qe6 Rgf8 34.Qxb6 Qxa4 35.Qe6 Qa2 36.Qg4 Rh8 37.Rxf6 Rxf6
38.Qd7+ Kh6 39.Rxf6 Qb1+ 40.Kh2 Qxd3 41.Qg4 Rg8 42.Rf7  1-0

[Event "Porto San Giorgio op"]
[Site "Porto San Giorgio"]
[Date "1996.??.??"]
[Round "?"]
[White "Milov, Vadim"]
[Black "Farina, Saverio"]
[Result "1-0"]
[WhiteElo "2585"]
[BlackElo "2170"]

1.d4 d5 2.c4 e6 3.Nc3 c5 4.cxd5 exd5 5.Nf3 Nc6 6.g3 Nf6 7.Bg2 Be7 8.O-O O-O
9.dxc5 Bxc5 10.Bg5 Be6 11.Bxf6 Qxf6 12.Nxd5 Qxb2 13.Nc7 Rad8 14.Qc1 Qxc1
15.Raxc1 b6 16.Nxe6 fxe6 17.e3 h6 18.Rc4 Rd6 19.Re4 Rfd8 20.Bh3 Kf7 21.Kg2 g5
22.Bg4 Kf6 23.Rh1 Nb4 24.h4 Rg8 25.hxg5+ hxg5 26.Rh7 b5 27.Bxe6 Rf8 28.Re5 Nd3
29.Rf5+ Kg6 30.Rxf8 Kxh7 31.Nxg5+ Kg6 32.Bf5+ Kxg5 33.f4+ Kh6 34.Rf7 Rg6
35.Bxd3 b4 36.Kf3 a5 37.g4  1-0

[Event "Porto San Giorgio op"]
[Site "Porto San Giorgio"]
[Date "1996.??.??"]
[Round "?"]
[White "Khenkin, Igor"]
[Black "Milov, Vadim"]
[Result "1/2-1/2"]
[WhiteElo "2575"]
[BlackElo "2585"]

1.d4 Nf6 2.c4 c5 3.d5 g6 4.Nc3 Bg7 5.e4 d6 6.h3 a6 7.Nf3 O-O 8.a4 b6 9.Bf4 Ra7
10.Be2 Ne8 11.e5 Nd7 12.exd6 exd6 13.Qd2 Ne5 14.O-O f5 15.Rfe1 Re7 16.Nxe5 Bxe5
17.Bxe5 Rxe5 18.f4 Re7 19.Bf3 Rxe1+ 20.Rxe1 Nc7 21.Rb1 a5 22.Nb5 Nxb5 23.axb5 Qf6
24.Re1 Bd7 25.g3 h6 26.h4 Re8 27.Rxe8+ Bxe8 28.Kf2 Kg7 29.Bd1 Bf7  1/2-1/2

[Event "Porto San Giorgio op"]
[Site "Porto San Giorgio"]
[Date "1996.??.??"]
[Round "?"]
[White "Milov, Vadim"]
[Black "Efimov, Igor"]
[Result "1-0"]
[WhiteElo "2585"]
[BlackElo "2455"]

1.d4 e6 2.c4 d5 3.Nc3 Be7 4.cxd5 exd5 5.Bf4 Nf6 6.e3 c6 7.Bd3 Nbd7 8.Bg3 Nb6
9.Nge2 Bd7 10.O-O O-O 11.a3 a5 12.f3 Nc4 13.Bxc4 dxc4 14.e4 b5 15.a4 b4 16.Nb1 Bc8
17.Nd2 Ba6 18.Rc1 c3 19.bxc3 bxc3 20.Nb3 Bb4 21.Be1 Rb8 22.Bxc3 Qb6 23.Ba1 Rfd8
24.Qc2 Nd7 25.Rfd1 Bd6 26.Rb1 Qc7 27.e5 Bb4 28.Nf4 Qa7 29.Kh1 Nb6 30.Nc5 Bc4
31.Ne4 h6 32.Bc3 Nd5 33.Bxb4 Ne3 34.Bc5 Qxc5 35.Rxb8 Rxb8 36.Qc1 Qb6 37.Qxe3 Qb2
38.h4  1-0

[Event "Porto San Giorgio op"]
[Site "Porto San Giorgio"]
[Date "1996.??.??"]
[Round "?"]
[White "Wohl, Aleksandar H"]
[Black "Milov, Vadim"]
[Result "0-1"]
[WhiteElo "2405"]
[BlackElo "2585"]

1.e4 c5 2.b3 Nc6 3.Bb2 d6 4.f4 Nf6 5.Nc3 g6 6.Nd5 Bg7 7.Nxf6+ Bxf6 8.Bxf6 exf6
9.Bb5 O-O 10.Bxc6 bxc6 11.Qf3 f5 12.O-O-O fxe4 13.Qxe4 Qf6 14.Kb1 a5 15.Qxc6 Bg4
16.Nf3 a4 17.c3 axb3 18.axb3 Rfb8 19.Rde1 Qxf4 20.Qd5 Ra3 21.Kb2 Qa4 22.Re8+ Qxe8
23.Kxa3 Be6  0-1

[Event "SUI-chT"]
[Site "SUI"]
[Date "1996.??.??"]
[Round "1"]
[White "Siegel, Georg"]
[Black "Milov, Vadim"]
[Result "1/2-1/2"]
[WhiteElo "2475"]
[BlackElo "2565"]

1.d4 Nf6 2.c4 c5 3.d5 d6 4.Nc3 g6 5.e4 Bg7 6.Bd3 O-O 7.h3 a6 8.a4 b6 9.Nf3 Ra7
10.O-O e5 11.a5 bxa5 12.Qa4 Rb7 13.Qxa5 Qe7 14.Rb1 Nh5 15.Re1 Nf4 16.Bf1 Qf6
17.Nh2 Nd7 18.g3 Nh5 19.b4 Qe7 20.Ba3 Bh6 21.bxc5 Nxc5 22.Bxc5 dxc5 23.Rxb7 Qxb7
24.Rb1 Qe7 25.Na4 f5 26.Qxc5 Qxc5 27.Nxc5 Nxg3 28.d6 Nxe4 29.Nxe4 fxe4 30.c5 e3
31.Ng4 exf2+ 32.Kg2 Bf4 33.c6 Bf5 34.Rb4 e4 35.d7 Kf7 36.Nxf2 a5 37.Rc4 Ke7
38.Nxe4 Be6 39.Rc5 Bc7 40.Bc4 Rf5 41.Bxe6 Kxe6 42.d8=Q Bxd8 43.c7 Bxc7 44.Rxc7 Kd5
45.Ng3 Re5 46.Rxh7 Kc4 47.Rh4+  1/2-1/2